LEADER 01174nam0-2200385li-450 001 990000253890203316 005 20180312154913.0 035 $a0025389 035 $aUSA010025389 035 $a(ALEPH)000025389USA01 035 $a0025389 100 $a2001990071981-------y0itay0103----ba 101 0 $aeng 102 $aUS 200 1 $aGraphs, networks and algorithms$fM.N.S. Swamy, K. Thulasiraman 210 $dNew York . J. Wiley & Sons, copyr.1981 215 $aXVIII, 592 p.$d23 cm 610 1 $aalgoritmi 610 1 $areti elettriche 610 1 $ateoria dei grafi 676 $a5115$9Teoria e costruzione dei grafi 700 1$aSwamy,$bM.N.S.$0753341 702 1$aThulasiraman,$bK. 801 $aSistema bibliotecario di Ateneo dell' Università di Salerno$gRICA 912 $a990000253890203316 951 $a511.5 SWA (A)$b4251/CBS$c511.5$d00218900 959 $aBK 969 $aSCI 979 $c19900723 979 $c20001110$lUSA01$h1715 979 $c20020403$lUSA01$h1633 979 $aPATRY$b90$c20040406$lUSA01$h1618 979 $aRSIAV6$b90$c20090429$lUSA01$h1158 996 $aGraphs, networks and algorithms$91515460 997 $aUNISA